000 00670cam a2200217 4500
001 J62379
008 000000n2000 000 0 eng u
035 _a(Sirsi) u109224
041 _aENG
110 _aFPDSavills
_93625
245 _aUK residential research bulletin. No 33 Summer 2000 (double issue) & No.34 Winter 2000/01
260 _aLondon
_bFPDSavills
_c2000
300 _a2pt. ; 30cm.
650 _aHOUSE PRICES
650 _aRESIDENTIAL DEVELOPMENT
650 _aRESIDENTIAL INVESTMENT MARKET
650 _aRESIDENTIAL PROPERTY
_96266
690 _aPROPERTY-RESIDENTIAL PROPERTY-RESIDENTIAL PROPERTY MARKET
710 _aSavills
_92020
942 _n0
999 _c100908
_d100908